000 01103nam a2200301Ia 4500
003 OSt
005 20221007125106.0
006 a|||||r|||| 00| 0
007 ta
008 221006b |||||||| |||| 00| 0 eng d
020 _a0198556721 (pbk)
_cRs.160.00
024 _a3453
037 _bEducational,
_cTextual
040 _aCDL
_cCDL
_beng
041 _2eng
_aeng
082 _aE5, N2
100 _aMoody Christopher J
_9721493
245 0 _aReactive intermediates by Christopher J Moody and Gordon H Whitham
_b Whitham Gordon H
260 _aOxford
_bOxford University Press
_c1992
300 _a89p
_ccm.
490 _aOxford chemistry primers; 8
500 _a^mPurchase^n23/CSL/Carc/Cosist/95-96/2629^d1995-06-21; ; 95-96/120^b1995-06-22^c13758/95-96^d1995-06-16^eEducational Book Agency (India)^f1995-06-22^h1995-06-22; ; 1995-07-10^bSB^c1995-12-11
650 _a organic compounds
650 _aChemistry
700 _a Whitham Gordon H
_9721494
942 _hE5, N2
_cTEXL
_2CC
999 _c1214646
_d1214646